000 00423nam a22001577a 4500
005 20250508065504.0
008 250508b |||||||| |||| 00| 0 eng d
020 _a9789555114479
082 _222
_a891
_bNER
100 _aMahenthiran, Kokhila
245 _aNerkonda Paavai
260 _aTellippalai
_bLycium of Literary and Aesthetic Studies
_c2015
300 _a236 p .,
500 _aLiterature about Females
942 _cL
999 _c6034
_d6034